A Jigsaw Jones mystery : (Record no. 8489)

MARC details
000 -LEADER
fixed length control field 00980nam a22003017a 4500
001 - CONTROL NUMBER
control field 8489
003 - CONTROL NUMBER IDENTIFIER
control field FISKH
005 - DATE AND TIME OF LATEST TRANSACTION
control field 20250915154015.0
008 - FIXED-LENGTH DATA ELEMENTS--GENERAL INFORMATION
fixed length control field 250915b cb ||||| |||| 00| 0 eng d
020 ## - INTERNATIONAL STANDARD BOOK NUMBER
International Standard Book Number 9780439114271
040 ## - CATALOGING SOURCE
Original cataloging agency FISKH
Language of cataloging eng
Transcribing agency FISKH
Modifying agency FISKH
050 ## - LIBRARY OF CONGRESS CALL NUMBER
Classification number PZ7.P915 C
082 ## - DEWEY DECIMAL CLASSIFICATION NUMBER
Classification number 480
100 ## - MAIN ENTRY--PERSONAL NAME
Personal name Preller, James
Dates associated with a name (1961-)
245 ## - TITLE STATEMENT
Title A Jigsaw Jones mystery :
Remainder of title The case of the great sled race /
Statement of responsibility, etc. By James Preller ; Illustrated by John Speirs ; Cover illustration by R.W. Alley
250 ## - EDITION STATEMENT
Edition statement This edition first published in 2000
260 ## - PUBLICATION, DISTRIBUTION, ETC.
Place of publication, distribution, etc. New York :
Name of publisher, distributor, etc. Scholastic,
Date of publication, distribution, etc. 2000
300 ## - PHYSICAL DESCRIPTION
Extent 72 pages :
Other physical details illustrations ;
Dimensions 20 cm
505 ## - FORMATTED CONTENTS NOTE
Formatted contents note N<br/>
520 ## - SUMMARY, ETC.
Summary, etc. Jigsaw Jones tries to find a missing good luck charm while on a winter vacation.<br/>
521 8# - TARGET AUDIENCE NOTE
Target audience note 530<br/>
Source Lexile<br/>
521 8# - TARGET AUDIENCE NOTE
Target audience note N<br/>
Source Raz-Plus<br/>
650 ## - SUBJECT ADDED ENTRY--TOPICAL TERM
Source of heading or term Jigsaw Jones
Topical term or geographic name entry element Preller
650 ## - SUBJECT ADDED ENTRY--TOPICAL TERM
Source of heading or term Winter
Topical term or geographic name entry element Mystery
700 ## - ADDED ENTRY--PERSONAL NAME
Personal name Speirs, John
Dates associated with a name illustrator
942 ## - ADDED ENTRY ELEMENTS (KOHA)
Source of classification or shelving scheme Dewey Decimal Classification
Koha item type Books
Suppress in OPAC No
Holdings
Withdrawn status Lost status Source of classification or shelving scheme Damaged status Not for loan Collection Home library Current library Shelving location Date acquired Total Checkouts Full call number Barcode Date last seen Copy number Price effective from Koha item type
    Dewey Decimal Classification     Juvenile Fiction Footprints International School Library Network Toul Tom Poung Campus Footprints International School Library Network Toul Tom Poung Campus TTP Primary Yellow Bookshelves 09/15/2025   PRE 480 PZ7.P915 C FIS00409 09/15/2025 1 09/15/2025 Books